Dàn nhạc New York Philharmonic đến biểu diễn tại Việt Nam /
Gespeichert in:
| 1. Verfasser: | |
|---|---|
| Weitere Verfasser: | |
| Format: | Artikel |
| Sprache: | Vietnamese |
| Schlagworte: | |
| Tags: |
Tag hinzufügen
Keine Tags, Fügen Sie den ersten Tag hinzu!
|
| Thư viện lưu trữ: | Thư viện Trường Đại học Đà Lạt |
|---|
| LEADER | 00765nam a2200277 4500 | ||
|---|---|---|---|
| 001 | DLU100108347 | ||
| 005 | ##20100528 | ||
| 040 | # | # | |a DLU |b vie |
| 041 | # | # | |a vie |
| 044 | # | # | |a vn |
| 100 | # | # | |a T.N. |
| 245 | # | # | |a Dàn nhạc New York Philharmonic đến biểu diễn tại Việt Nam / |c T.N, X.Đ. |
| 653 | # | # | |a Giao lưu văn hóa |
| 653 | # | # | |a Hợp tác quốc tế |
| 653 | # | # | |a Nghệ thuật |
| 700 | # | # | |a X.Đ. |
| 773 | # | # | |t Toàn cảnh |g Số12(221), 2008, tr. 29 |
| 920 | # | # | |a Phòng Tạp chí -- Trung tâm Thông tin - Thư viện Trường Đại học Đà Lạt |
| 994 | # | # | |a DLU |
| 900 | # | # | |a True |
| 911 | # | # | |a Nguyễn Thị Linh Chi |
| 925 | # | # | |a G |
| 926 | # | # | |a A |
| 927 | # | # | |a BB |
| 980 | # | # | |a Thư viện Trường Đại học Đà Lạt |